00621 2200217 4500001002100000005001500021035002000036007000300056008004100059020002200100082001000122084001600132100002100148245007600169250000600245260004700251300002800298600002100326856004000347990001600387INLIS00000000000194720220420022111 a0010-0422001074ta220420 g 1 ind  a978-979-27-7913-4 a741.5 a741.5 FUJ d0 aFujiko. F. Fujio1 aDoraemon Komik Pendidikan Kehidupan Anak Kelas 2 SD /cFujiko. F. Fujio a1 aJakarta :bPT Elex Media Komputindo,c2010 a123 :bIlus ;c21eBuku 4aFujiko. F. Fujio aPerpustakaan Ibnu Sina MIN 7 Blitar a00000009639